| 000 | 00847nac a22002531u 4500 | ||
|---|---|---|---|
| 008 | 100907t xxu||||| |||| 00| 0 eng d | ||
| 010 | _a 2003051758 | ||
| 020 | _a0130489174 | ||
| 082 | 0 | 0 |
_a624.15136 _bSCH |
| 100 |
_aSchroeder, W. L. _918530 |
||
| 245 | 1 | 0 |
_aSoils in Construction / _cW.L. Schroeder, S.E. Dickenson, Don C. Warrington. |
| 250 | _a5th ed. | ||
| 260 |
_aUpper Saddle River, N.J. : _bPearson/Prentice Hall,2004 _c2004. |
||
| 300 |
_ax, 358 p. : _bill. ; _c25 cm. |
||
| 504 | _aIncludes bibliographical references and index. | ||
| 650 | 0 |
_aSoil mechanics. _918531 |
|
| 650 | 0 |
_aFoundations. _918532 |
|
| 650 | 0 |
_aBuilding. _918533 |
|
| 653 |
_bArch _cNovember2013 |
||
| 655 |
_vreading book _934232 |
||
| 700 | 1 |
_aDickenson, S. E. _918534 |
|
| 700 | 1 |
_aWarrington, Don C. _918535 |
|
| 942 |
_cBB _k624.15136 SCH _2ddc |
||
| 999 |
_c2202 _d2202 |
||